The two-second advantage: how we succeed by anticipating (Record no. 81458)

MARC details
000 -LEADER
fixed length control field 00921nam a2200217 a 4500
008 - FIXED-LENGTH DATA ELEMENTS--GENERAL INFORMATION
fixed length control field 150605s2011 ||||||||||||||||| || u
020 ## - INTERNATIONAL STANDARD BOOK NUMBER
International Standard Book Number 9781444730791
050 ## - LIBRARY OF CONGRESS CALL NUMBER
Classification number B 105. E87 Ran
100 ## - MAIN ENTRY--PERSONAL NAME
Personal name Ranadive, Vivek
245 14 - TITLE STATEMENT
Title The two-second advantage: how we succeed by anticipating
Statement of responsibility, etc. by Vivek Ranadive and Kevin Maney
260 ## - PUBLICATION, DISTRIBUTION, ETC.
Place of publication, distribution, etc. London:
Name of publisher, distributor, etc. Hodder & Stoughton
Date of publication, distribution, etc. 2011
300 ## - PHYSICAL DESCRIPTION
Extent xii, 243p.
350 ## -
-- 31.50
650 ## - SUBJECT ADDED ENTRY--TOPICAL TERM
Topical term or geographic name entry element EXPECTATION (PHILOSOPHY)
650 ## - SUBJECT ADDED ENTRY--TOPICAL TERM
Topical term or geographic name entry element BRAIN
650 #0 - SUBJECT ADDED ENTRY--TOPICAL TERM
Topical term or geographic name entry element HUMAN BEHAVIOR
650 ## - SUBJECT ADDED ENTRY--TOPICAL TERM
Topical term or geographic name entry element COMPETITION
700 ## - ADDED ENTRY--PERSONAL NAME
Personal name Maney, Kevin
995 ## -
-- MEDICAL LIBRARY OPEN ACCESS
-- 903156
-- CBU-SCHOOL OF MEDICINE LIBRARY (Ndola)
-- 31.50
-- B 105. E87 Ran
-- 2
-- AVAILABLE
-- Aug 24, 2015
-- 903156
-- Medical Library Open Access Collection
995 ## -
-- MAIN LIBRARY OPEN ACCESS
-- 745578
-- CBU-MAIN LIBRARY (Kitwe)
-- 31.50
-- B 105. E87 Ran
-- 1
-- AVAILABLE
-- Aug 24, 2015
-- 745578
-- Main Library Open Access Collection
999 ## -
-- 81458
-- 81458
Holdings
Withdrawn status Lost status Source of classification or shelving scheme Damaged status Not for loan Permanent Location Current Location Shelving location Date acquired Total Checkouts Full call number Barcode Date last seen Copy number Price effective from Koha item type
          CBU-MAIN LIBRARY, KITWE. CBU-MAIN LIBRARY, KITWE.   08/18/2023   B 105. E87 Ran 745578 08/18/2023 2 08/18/2023 MONOGRAPH
          CBU-SCHOOL OF MEDICINE LIBRARY, NDOLA. CBU-SCHOOL OF MEDICINE LIBRARY, NDOLA.   08/18/2023   B 105. E87 Ran 903156 08/18/2023 1 08/18/2023 MONOGRAPH